Equal rights in practice : (Record no. 97)
[ view plain ]
| 000 -LEADER | |
|---|---|
| fixed length control field | 00581cam a2200181 a 4500 |
| 001 - CONTROL NUMBER | |
| control field | 1485253 |
| 005 - DATE AND TIME OF LATEST TRANSACTION | |
| control field | 20231128015524.0 |
| 008 - FIXED-LENGTH DATA ELEMENTS--GENERAL INFORMATION | |
| fixed length control field | 870908s1986 ge af s 000 0 eng |
| 040 ## - CATALOGING SOURCE (பட்டியலாக்க மூலம்) | |
| Original cataloging agency | DLC |
| Transcribing agency | DLC |
| Modifying agency | DLC |
| 082 00 - DDC Classification | |
| Class No. | 305.4 |
| DDC Edition Number | 19 |
| 245 00 - TITLE STATEMENT | |
| Title | Equal rights in practice : |
| Remainder of title | Women in the GDR / |
| Statement of responsibility, etc. | [translation, Intertext Verlag Zeit im Bild]. |
| 260 ## - PUBLICATION, DISTRIBUTION, ETC. | |
| Place of publication, distribution, etc. | Berlin : |
| Name of publisher, distributor, etc. | Panorama DDR ; |
| Place of publication, distribution, etc. | New York, N.Y., U.S.A. : |
| Name of publisher, distributor, etc. | U.S. Committee for Friendship with the GDR [distributor, |
| Date of publication, distribution, etc. | 1986] |
| 300 ## - PHYSICAL DESCRIPTION | |
| Extent (e.g. Volumes, Pages etc.) | 61 p. |
| 490 0# - SERIES STATEMENT | |
| Series statement | First-hand information |
| 650 #0 - SUBJECT ADDED ENTRY--TOPICAL TERM | |
| Topical term or geographic name entry element | Women |
| 650 #0 - SUBJECT ADDED ENTRY--TOPICAL TERM | |
| Topical term or geographic name entry element | Women's rights |
| 942 ## - Koha item type (Biblio) | |
| Koha item type | Books in Stacks (Lending) |
| Lost status | Damaged status | Collection code | Home library | Current library | Date acquired | Full call number | Accession Number | Item type |
|---|---|---|---|---|---|---|---|---|
| Lending | WERC Library | WERC Library | 11/28/2023 | 305.4 | 305 | Books in Stacks (Lending) |
